000 00324pab a2200145 454500
008 180718b1988 xxu||||| |||| 00| 0 eng d
100 _aImbert, Peter
245 _aPolicing London
260 _c1988
300 _a199-208
362 _aJul.-Sept.
650 _aPolice - U.K.
773 _aPolice Journal
909 _a15182
999 _c15182
_d15182